| 000 | 00863nam a2200253Ia 4500 | ||
|---|---|---|---|
| 003 | OSt | ||
| 005 | 20220927105533.0 | ||
| 006 | a|||||r|||| 00| 0 | ||
| 007 | ta | ||
| 008 | 220926b |||||||| |||| 00| 0 eng d | ||
| 024 | _a173072 | ||
| 037 | _cReference Collections | ||
| 040 |
_aRTL _cRTL _beng |
||
| 041 |
_2eng _aeng |
||
| 082 | _a"X71.1N45.N81, M1/UN" | ||
| 110 |
_a"UNITED NATIONS, Political and security council affairs, (Deptt. of-)." _9360887 |
||
| 245 | 0 |
_aReducation of millitary bubgets _b International reporting of millitary expenditures. |
|
| 260 |
_aNew _bYork U.N. _c1981 |
||
| 300 |
_avi; 197p. _ccm. |
||
| 490 | _aStudy series 4 | ||
| 700 |
_a"UNITED NATIONS, Political and security council affairs, (Deptt. of-)." _9360889 |
||
| 942 |
_h"X71.1N45.N81, M1/UN" _cCC |
||
| 999 |
_c692915 _d692915 |
||